=LDR 00000nam 2200000 4500 =001 NUTBA000000000003275 =005 20140812152931.0 =006 =007 =008 =020 ##$$a 978-979-534-712-5 =035 ##$$0010-081400000000119 =040 ##$$a NBPDMAT =082 ##$$a 372.7 =090 ##$$a 372.7 $b Edu t =100 ##$$a Edward H. Julius =245 ##$$a Trik-trik berhitung : $b 50 cara mudah dalam penjumlahan, pengurangan, perkalian dan pembagian tanpa menggunakan kalkulator / $c Edward H. Julius =260 ##$$a Bandung : $b Pakar Raya, $c 2010 =300 ##$$a xiii, 142 hlm. : $b ilus. ; $c 21 cm. =650 ##$$a Matematika-SD =990 ##$$a 21405422 =990 ##$$a 0001/BPAP-NTB/2016 =990 ##$$a 3119431194 =990 ##$$a 21405426 =990 ##$$a 21405422 =990 ##$$a 21405423 =990 ##$$a 21405424 =990 ##$$a 21405425 =990 ##$$a 21405426 =990 ##$$a 0001/BPAP-NTB/2016